| 000 | 00000nam##2200000za#4500 |
| 001 | 9.686607 |
| 003 | CaOODSP |
| 005 | 20241203113636 |
| 007 | cr ||||||||||| |
| 008 | 150407|2003||||xxc|||||o f|0| 0 eng|d |
| 020 | |a0-662-34632-7 |
| 040 | |aCaOODSP|beng |
| 043 | |an-cn--- |
| 086 | 1 |aEn40-11/45-2003E-PDF |
| 110 | 1 |aCanada. |bEnvironment Canada. |
| 245 | 10|aGeorgia Basin Ecosystem Initiative : |h[electronic resource]|ba 5-year perspective |
| 260 | |aVictoria - British Columbia : |bEnvironment Canada |c[2003]. |
| 300 | |a51p.|bcoloured figs., graphs, illus., maps, tables, photographs |
| 500 | |aThe catalogue number (En40-11/45-2003E) for the print edition has been incorrectly copied in this electronic publication. |
| 590 | |a14-08-Supp|b2014-04-10 |
| 690 | 07|aAir quality|2gcpds |
| 690 | 07|aEnvironmental conservation|2gcpds |
| 690 | 07|aWater quality|2gcpds |
| 775 | 08|tInitiative de l'écosystème du bassin de Georgia : |w(CaOODSP)9.631117 |
| 856 | 40|ahttp://publications.gc.ca|qPDF|s2.13 MB|uhttps://publications.gc.ca/collections/collection_2014/ec/En40-11-45-2003-eng.pdf |
| 986 | |aEC/GB-03-071 |